000 00425nam a2200169Ia 4500
008 230917s9999||||xx |||||||||||||| ||und||
020 _cRS995
040 _e222434
_aMAIN
041 _aEnglish
082 _a350.1 V815K
100 _aViplav
245 0 _aKarmik prashasan
260 _aNew Delhi
_bAnkit Publishing
_c2014
300 _a331 p.
500 _a1811 09/01/2015 SANJAY5424 14/01/2015 Main Budget
942 _cBK
999 _c13474
_d13474